Las aventuras de Tom Sawyer / (Registro nro. 11586)

Detalles MARC
000 -LIDER
fixed length control field 00707cam a22002533a 4500
001 - NÚMERO DE CONTROL
Identificador de número de control 0000726
003 - IDENTIFICACDOR DE NÚMERO DE CONTROL
control field DO-SdBNP
005 - DATE AND TIME OF LATEST TRANSACTION
control field 20171212120117.0
007 - CAMPOS FIJOS DE DESCRIPCIÓN FÍSICA
fixed length control field 0000726
008 - ELEMENTOS DE LONGITUD FIJA
fixed length control field 861112 19uu sp 000 0 spa d
010 ## - NUMERO DE CONTROL DE BIBLIOTECA DEL CONGRESO
LC control number
040 ## - FUENTE DE CATALOGACIÓN
Agencia que crea de manera original el registro BPMSU
Agencia que realiza la transcripción spa
Agencia que realiza la modificación BPMSU
--
100 1# - ASIENTO PRINCIPAL -- NOMBRE PERSONAL
Nombre personal Twain, Mark
245 14 - MENCIÓN DE TITULO
Título Las aventuras de Tom Sawyer /
Mención de responsabilidad Mark Twain ; traducción Simon Santaines
260 ## - PUBLICACIÓN, DISTRIBUCIÓN, ETC. (PIE DE IMPRENTA)
Lugar de publicación, distribución, etc Barcelona, España :
Nombre del editor, distribuidor, etc. Mateu,
Fecha de publicación, distribución, etc [19--].
300 ## - DESCRIPCIÓN FÍSICA
Extensión 292 p. :
Dimensiones 19 cm.
490 0# - MENCIÓN DE SERIES
Mención de serie Juvenil Cadete
Volume/sequential designation 30
600 00 - ENCABEZAMIENTO DE MATERIA--NOMBRE PERSONAL
Nombre personal
Subdivisión temática general
700 12 - ASIENTO SECUNDARIO -- NOMBRE PERSONAL
Nombre personal Santaines, Simón
Mención de responsabilidad trad.
830 ## - ASIENTO SECUNDARIO DE SERIE--TÍTULO UNIFORME
Título uniforme Juvenil Cadete
Número de la parte o sección de una obra 30
942 ## - ADDED ENTRY ELEMENTS (KOHA)
Source of classification or shelving scheme Dewey Decimal Classification
Koha item type Libros
945 ## - INFORMACIÓN DE PROCESAMIENTO LOCAL
Información de procesamiento local Inventariado extranjero 2017 / YL
956 ## - LOCAL ELECTRONIC LOCATION AND ACCESS (OCLC)
Nombre de host YLOCKWARD
Número de acceso 10
Información de compresión BPMSU
Trayectoria 20171212
Existencias
Withdrawn status Lost status Source of classification or shelving scheme Damaged status Not for loan Collection code Home library Current library Date acquired Source of acquisition Total Checkouts Barcode Date last seen Price effective from Koha item type Copy number
    Dewey Decimal Classification     Colección Juvenil General Biblioteca Pública Metropolitana Salomé Ureña Biblioteca Pública Metropolitana Salomé Ureña 10/17/2016 Fundi   BPMSU16100217 10/17/2016 10/17/2016 Libros  
    Dewey Decimal Classification     Colección Juvenil General Biblioteca Pública Metropolitana Salomé Ureña Biblioteca Pública Metropolitana Salomé Ureña 02/13/2017 Fundi   BPMSU17020024 02/13/2017 02/13/2017 Libros ej. 2